BIBLIOTECA PODER JUDICIAL
Portal Judicial TDF

Fideicomiso inmobiliario : (Registro nro. 5341)

000 -LEADER
fixed length control field 01203nab a22002297a 4500
003 - CONTROL NUMBER IDENTIFIER
control field OSt
005 - DATE AND TIME OF LATEST TRANSACTION
control field 20250223231406.0
008 - FIXED-LENGTH DATA ELEMENTS--GENERAL INFORMATION
fixed length control field 190603e xxum|||| |||| 00| 0 spa d
040 ## - CATALOGING SOURCE
Transcribing agency PJ
100 ## - MAIN ENTRY--PERSONAL NAME
9 (RLIN) 4994
Personal name Ferreira Morais, Ignacio Enrique
245 10 - TITLE STATEMENT
Title Fideicomiso inmobiliario : <br/>
Remainder of title un enfoque integral /
Statement of responsibility, etc Ignacio Enrique Ferreira Morais.
260 ## - PUBLICATION, DISTRIBUTION, ETC. (IMPRINT)
Date of publication, distribution, etc Ciudad Autónoma de Buenos Aires :
Place of publication, distribution, etc Thomson Reuters La Ley,
Name of publisher, distributor, etc 2023.
300 ## - PHYSICAL DESCRIPTION
Extent p. 105-112
500 ## - GENERAL NOTE
General note Cita Online: TR LALEY AR/DOC/2644/2023.
505 ## - FORMATTED CONTENTS NOTE
Formatted contents note Sumario: I. Introducción.— II. Fideicomiso.— III. Fideicomiso inmobiliario.— IV. El negocio fiduciario y la ejecución del dominio fiduciario.— V. Estructura del fideicomiso inmobiliario.— VI. Ventajas y utilidad práctica.— VII. Reflexiones finales.— VIII. Bibliografía.
505 ## - FORMATTED CONTENTS NOTE
Title ¿Te interesa el texto completo? Solicitalo al correo: koha@justierradelfuego.gov.ar
650 #0 - SUBJECT ADDED ENTRY--TOPICAL TERM
9 (RLIN) 1590
Topical term or geographic name as entry element FIDEICOMISO
650 #0 - SUBJECT ADDED ENTRY--TOPICAL TERM
9 (RLIN) 6384
Topical term or geographic name as entry element DOMINIO FIDUCIARIO
650 #0 - SUBJECT ADDED ENTRY--TOPICAL TERM
9 (RLIN) 6382
Topical term or geographic name as entry element OBLIGACIONES DEL FIDUCIARIO
773 0# - HOST ITEM ENTRY
Host Biblionumber 2713
Host Itemnumber 3170
Place, publisher, and date of publication Ciudad Autónoma de Buenos Aires : Thomson Reuters La Ley, 2015-
Title Revista Código Civil y Comercial. Nº 6 - Diciembre 2023
942 ## - ADDED ENTRY ELEMENTS (KOHA)
Source of classification or shelving scheme
Koha item type Analítica Artículo de Revista

No hay ítems disponibles.

12 de Octubre 789 Ushuaia - Tel:  54(02901)441571
Horario de Atención: 8.00 a 17.00 hs. 
bibliotecaush@justierradelfuego.gov.ar
koha@justierradelfuego.gov.ar
Seguinos en nuestras redes @bibliojustdf 

Con tecnología Koha